Docencia, estatus, distinción y remuneración /

El texto trata de mostrar, desde una perspectiva sociológica, los efectos negativos que tiene el Decreto 1279 de remuneración sobre el estatus y la función docente en las universidades públicas. Se centra en el caso de la Universidad Nacional de Colombia, a partir de datos sobre la productividad aca...

Ausführliche Beschreibung

Gespeichert in:
Bibliographische Detailangaben
1. Verfasser: Gómez Campo, Víctor Manuel
Weitere Verfasser: Celis Giraldo, Jorge Enrique
Format: Text
Schlagworte:
Tags: Tag hinzufügen
Keine Tags, Fügen Sie den ersten Tag hinzu!

MARC

LEADER 00000 a a2200000 04500
001 10190
003
040
100 |a Gómez Campo, Víctor Manuel  
245 |a Docencia, estatus, distinción y remuneración /  |c Víctor Manuel Gómez Campo 
520 |a El texto trata de mostrar, desde una perspectiva sociológica, los efectos negativos que tiene el Decreto 1279 de remuneración sobre el estatus y la función docente en las universidades públicas. Se centra en el caso de la Universidad Nacional de Colombia, a partir de datos sobre la productividad académica de los profesores desde el año 2003 hasta 2006  
650 |a SOCIOLOGIA  
650 |a ENSEÑANZA SUPERIOR  
650 |a DOCENTES  
650 |a INGRESOS  
650 |a COLOMBIA  
700 |a Celis Giraldo, Jorge Enrique  
773 |g número 27; páginas 98-109  
999 |c 26242  |d 26242